[Event "British Chess Championships 2023: Junior Blitz Open"]
[Site "The Venue, De Montfort University, 20 Western Boulevard, Leicester, LE2 7BU"]
[Date "2023.07.27"]
[Round "7"]
[Board "13"]
[White "Freeman, Luke"]
[Black "Sasikumar, Srivathsan"]
[Result "0-1"]
[WhiteElo "1639"]
[BlackElo "1787"]
[PlyCount "0"]
[EventDate "2023.07.27"]
[EventRounds "9"]
[EventCountry "ENG"]

1. e4 c5 2. c3 Nf6 3. e5 Nd5 4. d4 cxd4 5. Nf3 Nc6 6. cxd4 d6 7. Bc4 Nb6 8. Bb5 a6
9. Bxc6+ bxc6 10. O-O g6 11. Nc3 Bg7 12. exd6 Qxd6 13. Ne4 Qc7 14. g3 O-O 15. Bf4
Qa7 16. Ne5 Bb7 17. Nc5 Nd5 18. Be3 Nxe3 19. fxe3 Bxe5 20. Nxb7 Qxb7 21. dxe5 Qxb2
22. Qf3 Qxe5 23. Rad1 Rac8 24. Rd4 c5 25. Re4 Qd6 26. h4 h5 27. g4 hxg4 28. Rxg4
Qe5 29. Rg5 Qh8 30. h5 Qg7 31. Qg3 Rc6 32. Kg2 Rd8 33. Rh1 Rd2+ 34. Kf3 Qf6+ 35.
Kg4 Qe6+ 36. Kh4 Qe4+ 37. Rg4 Qf5 38. hxg6 Rxg6 39. Rxg6+ Qxg6 40. Qb8+ Kg7 41. Qc7
Rd5 42. Qg3 Rh5#  0-1

[Event "British Chess Championships 2023: Junior Blitz Open"]
[Site "The Venue, De Montfort University, 20 Western Boulevard, Leicester, LE2 7BU"]
[Date "2023.07.27"]
[Round "7"]
[Board "14"]
[White "Sisupalan, Beni"]
[Black "Mittal, Aditya"]
[Result "1-0"]
[WhiteElo "1585"]
[BlackElo "1737"]
[PlyCount "0"]
[EventDate "2023.07.27"]
[EventRounds "9"]
[EventCountry "ENG"]

1. e4 e6 2. d4 d5 3. e5 c5 4. c3 Qb6 5. Nf3 Bd7 6. Bd3 Bb5 7. O-O Bxd3 8. Qxd3 cxd4
9. cxd4 Nc6 10. a3 Nge7 11. Nc3 Nf5 12. Nxd5 exd5 13. Qxf5 Be7 14. Be3 O-O 15. b4
a5 16. bxa5 Rxa5 17. Rab1 Qc7 18. Rfd1 Rxa3 19. Ng5 Bxg5 20. Bxg5 Ra4 21. Be3 Qe7
22. g3 Rb8 23. Rdc1 Re8 24. Rd1 Rb8 25. Qc2 Ra6 26. Qb3 Qd7 27. Rdc1 Na5 28. Qb4
Nc4 29. Qc3 Rc6 30. Qd3 Rbc8 31. Kg2 Qc7 32. Rd1 Nxe3+ 33. Qxe3 Rc3 34. Qd2 Rc2 35.
Qd3 Rc3 36. Qe2 g6 37. Rb4 Rc2 38. Qd3 Rc3 39. Qe2 Rc2 40. Rd2 Rxd2 41. Qxd2 Qc6
42. Qf4 Rc7 43. Rb1 Qc3 44. Rb6 Qc4 45. Rf6 Qc3 46. e6 fxe6 47. Rf8+ Kg7 48. Qf6+
Kh6 49. Qe5 Qc6 50. Rf4 g5 51. Qf6+ Kh5 52. g4+ Kh4 53. Qh6#  1-0

[Event "British Chess Championships 2023: Junior Blitz Open"]
[Site "The Venue, De Montfort University, 20 Western Boulevard, Leicester, LE2 7BU"]
[Date "2023.07.27"]
[Round "7"]
[Board "15"]
[White "Rastogi, Nayan Keats"]
[Black "Burnton, Joshua"]
[Result "0-1"]
[WhiteElo "1434"]
[BlackElo "1733"]
[PlyCount "0"]
[EventDate "2023.07.27"]
[EventRounds "9"]
[EventCountry "ENG"]

1. e4 e5 2. Nf3 Nc6 3. Bb5 a6 4. Ba4 Nf6 5. O-O Be7 6. Re1 b5 7. Bb3 O-O 8. a4 Bb7
9. d3 Re8 10. Nc3 bxa4 11. Bxa4 d6 12. d4 Rf8 13. d5 Nb8 14. Bb3 Nbd7 15. Na4 h6
16. h3 Re8 17. g3 Nf8 18. Nh4 Bc8 19. Kh2 Kh7 20. Qf3 Qd7 21. Qg2 Ng6 22. Nf5 Qd8
23. Nxe7 Qxe7 24. Nc3 Nd7 25. Be3 Rf8 26. f3 f5 27. Bf2 Qf6 28. Rf1 f4 29. g4 Nc5
30. Bxc5 dxc5 31. Qf2 Qe7 32. Rh1 Bd7 33. Bc4 Rfb8 34. b3 Qh4 35. Qxh4 Nxh4 36. Be2
c6 37. Kg1 cxd5 38. Nxd5 Ra7 39. Kf2 Bc6 40. Bc4 Bxd5 41. Bxd5 Rd7 42. Rxa6 c4 43.
bxc4 Rb2 44. Rc1 Ng6 45. Ra3 Ne7 46. Rb3 Ra2 47. Rb7 Rxb7 48. Bxb7 Ra7 49. Bd5 Rc7
50. Rb1 Nc6 51. Rb6 Nd4 52. c3 Nc2 53. Rb2 Na3 54. Ra2 Nxc4 55. Bxc4 Rxc4 56. Ra3
g5 57. Ke2 Kg6 58. Ra6+ Kg7 59. Kd2 Rc7 60. Re6 Rc5 61. Re7+ Kf6 62. Rh7 Kg6 63.
Rd7 Kf6 64. Rd5 Rc6 65. Kd3 Ke6 66. c4 Ra6 67. Ke2 Ra2+ 68. Rd2 Ra4 69. Rc2 Kd6 70.
Kd3 Kc5 71. h4 Ra3+ 72. Ke2 Re3+ 73. Kf2 gxh4 74. Kg2 Ra3 75. Rf2 Kxc4 76. Kh3 Kd3
77. Kxh4 Ke3 78. Rf1 Ra2 79. Kh5 Rh2+ 80. Kg6 Rh3 81. Kf5 Rxf3 82. Rh1 Rf2 83. Rxh6
Rg2 84. g5 f3 85. Rh3 Ke2 86. Rxf3 Kxf3 87. g6 Rxg6 88. Kxg6  0-1

[Event "British Chess Championships 2023: Junior Blitz Open"]
[Site "The Venue, De Montfort University, 20 Western Boulevard, Leicester, LE2 7BU"]
[Date "2023.07.27"]
[Round "7"]
[Board "16"]
[White "Verbytski, Oleg"]
[Black "Li, Xiaofan"]
[Result "1-0"]
[WhiteElo "1727"]
[BlackElo "1673"]
[PlyCount "0"]
[EventDate "2023.07.27"]
[EventRounds "9"]
[EventCountry "ENG"]

1. e4 c6 2. d4 d5 3. exd5 cxd5 4. c4 Nf6 5. Nc3 Nc6 6. Nf3 Bg4 7. c5 Bxf3 8. gxf3
e6 9. Bf4 Nh5 10. Bg3 Nxg3 11. hxg3 Qf6 12. Bb5 Qd8 13. Qd3 Rc8 14. Rxh7 Rxh7 15.
Qxh7 a6 16. Bxc6+ Rxc6 17. Qd3 g6 18. b4 Bg7 19. a4 Qf6 20. O-O-O Qg5+ 21. f4 Qd8
22. Kb2 Kd7 23. b5 Rc8 24. bxa6 bxa6 25. Qxa6 Rb8+ 26. Ka3 Qc7 27. Nb5 Qb7 28. Qd6+
Ke8 29. Nc7+  1-0

[Event "British Chess Championships 2023: Junior Blitz Open"]
[Site "The Venue, De Montfort University, 20 Western Boulevard, Leicester, LE2 7BU"]
[Date "2023.07.27"]
[Round "7"]
[Board "17"]
[White "Ding, Yiwen"]
[Black "Bates, Hubert"]
[Result "1-0"]
[WhiteElo "1664"]
[BlackElo "1424"]
[PlyCount "0"]
[EventDate "2023.07.27"]
[EventRounds "9"]
[EventCountry "ENG"]

1. d4 Nf6 2. c4 e6 3. Nf3 Bb4+ 4. Bd2 Bxd2+ 5. Nbxd2 b6 6. g3 Bb7 7. Bg2 O-O 8. O-O
d5 9. cxd5 exd5 10. Rc1 Nbd7 11. Nb3 c5 12. dxc5 bxc5 13. Nxc5 Nxc5 14. Rxc5 Qb6
15. Rc2 Rac8 16. e3 Rxc2 17. Qxc2 Rc8 18. Qd2 h6 19. Rc1 Rd8 20. Qd4 Qa6 21. a3 Rb8
22. Ne5 Bc8 23. Bxd5 Nxd5 24. Qxd5 Be6 25. Qd4 Qb7 26. b4 Bh3 27. e4 f6 28. Qd5+
Qxd5 29. exd5 fxe5 30. Rc7 Rd8 31. Rc5 Kf7 32. a4 Kf6 33. a5 Bd7 34. b5 Rb8 35. Rc7
Bxb5  1-0

[Event "British Chess Championships 2023: Junior Blitz Open"]
[Site "The Venue, De Montfort University, 20 Western Boulevard, Leicester, LE2 7BU"]
[Date "2023.07.27"]
[Round "7"]
[Board "18"]
[White "Hariharan, Shambavi"]
[Black "Marsden, Rupert"]
[Result "0-1"]
[WhiteElo "1528"]
[BlackElo "1707"]
[PlyCount "0"]
[EventDate "2023.07.27"]
[EventRounds "9"]
[EventCountry "ENG"]

1. d4 Nf6 2. c4 e6 3. Nf3 d5 4. g3 c5 5. Bg2 Nc6 6. cxd5 exd5 7. O-O cxd4 8. Nxd4
Bc5 9. e3 O-O 10. Nc3 Nxd4 11. exd4 Bb6 12. Bg5 Be6 13. Bxf6 Qxf6 14. Nxd5 Bxd5 15.
Bxd5 Bxd4 16. Bxb7 Rab8 17. Bg2 Rxb2 18. Qf3 Rxf2 19. Rxf2 Bxf2+ 20. Qxf2 Qxa1+ 21.
Bf1 Rd8 22. Kg2 Qd4 23. Qf3 Qd5 24. Qxd5 Rxd5 25. Bc4 Rd2+ 26. Kg1 Kf8 27. Bb3 f6
28. h4 Ke7 29. Kf1 Kd6 30. Kg1 Ke5 31. Bg8 h6 32. h5 Kd4 33. Bb3 Ke3 34. g4 Kf4 35.
Be6 Rd6 36. Bf5 Rd5 37. Be6 Rg5 38. Bf5 Rxf5 39. gxf5 Kxf5 40. Kf2 Kg5 41. Ke3 f5
42. Kd4 Kxh5 43. Kc5 Kg4 44. a4 f4 45. a5 f3 46. a6 f2 47. Kc6 f1=Q 48. Kb7 Qxa6+
49. Kxa6  0-1

[Event "British Chess Championships 2023: Junior Blitz Open"]
[Site "The Venue, De Montfort University, 20 Western Boulevard, Leicester, LE2 7BU"]
[Date "2023.07.27"]
[Round "7"]
[Board "19"]
[White "Gadiot, Ashton"]
[Black "Whelan, Joseph"]
[Result "1-0"]
[WhiteElo "1227"]
[BlackElo "1675"]
[PlyCount "0"]
[EventDate "2023.07.27"]
[EventRounds "9"]
[EventCountry "ENG"]

1. e4 e6 2. d4 d5 3. Nc3 Bb4 4. e5 Bxc3+ 5. bxc3 c5 6. Nf3 cxd4 7. cxd4 Nc6 8. c3
Bd7 9. Bd3 Nge7 10. O-O Ng6 11. Bg5 f6 12. exf6 gxf6 13. Bh6 Rg8 14. Re1 Qc7 15.
Bf5 Kf7 16. Bd3 Nf4 17. Bxf4 Qxf4 18. Bxh7 Rg7 19. Bd3 e5 20. dxe5 fxe5 21. Kh1 e4
22. Bxe4 dxe4 23. Qxd7+ Ne7 24. Rxe4 Qxe4 25. Re1 Qxe1+ 26. Nxe1 Kf8 27. Nf3 Nc6
28. Qd6+ Kg8 29. Qe6+ Kf8 30. Qd6+ Re7 31. Qf6+ Rf7 32. Qd6+ Kg7 33. Qg3+ Kf8 34.
Qd6+ Ne7 35. Qh6+ Kg8 36. Qg5+ Rg7 37. Qe3 Rd8 38. Qe6+ Kf8 39. h3 Rg6 40. Qe3 Rd1+
41. Kh2 Ra1 42. Qxa7 Rb1 43. Qb8+ Kg7 44. Qe5+ Kf8 45. Qb8+ Kg7 46. Qe5+ Rf6 47.
Qxe7+ Rf7 48. Qg5+ Kf8 49. Qh6+ Ke7 50. Qe3+ Kd7 51. Qd3+ Ke8 52. Qxb1 Rh7 53. Qxh7
Kd8 54. Ne5 b6 55. Qd7#  1-0

[Event "British Chess Championships 2023: Junior Blitz Open"]
[Site "The Venue, De Montfort University, 20 Western Boulevard, Leicester, LE2 7BU"]
[Date "2023.07.27"]
[Round "7"]
[Board "20"]
[White "Calvert, George"]
[Black "Leung, Hao Ran"]
[Result "0-1"]
[WhiteElo "1536"]
[BlackElo "1432"]
[PlyCount "0"]
[EventDate "2023.07.27"]
[EventRounds "9"]
[EventCountry "ENG"]

1. e4 c6 2. d4 d5 3. e5 Bf5 4. Nf3 e6 5. Nc3 Bb4 6. Bd2 Ne7 7. a3 Bxc3 8. Bxc3 Nd7
9. Bd3 Bg6 10. O-O c5 11. Bb5 cxd4 12. Bxd4 a6 13. Ba4 b5 14. Bb3 Nc6 15. Qd2 O-O
16. Rad1 Rc8 17. c3 Na5 18. Bc2 Nc4 19. Qc1 Bxc2 20. Qxc2 f6 21. exf6 Nxf6 22. Rfe1
Ne4 23. Ne5 Nxe5 24. Bxe5 Rxf2 25. Qd3 Qg5 26. Bg3 Rxb2 27. Rb1 Rd2 28. Qe3 Qxe3+
29. Rxe3 Rxc3 30. Rxc3 Nxc3 31. Rf1 Ne2+ 32. Kh1 Nxg3+ 33. hxg3 Rd3 34. Re1 Kf7 35.
Rf1+ Ke7 36. Rc1 Rxa3 37. Rc7+ Kf6 38. Kh2 d4 39. Rd7 Ke5 40. g4 b4 41. Rxg7 d3 42.
Rxh7 Kd6 43. Rh8 Kd7 44. Rh7+ Kc6 45. Rh8 b3 46. Rd8 b2 47. Rb8 d2 48. Rxb2 d1=Q
49. Rf2 Qxg4 50. Rc2+ Kd7 51. Rd2+ Ke7 52. Kg1 Qg3 53. Rd1 Ra2 54. Kf1 Qf2#  0-1

[Event "British Chess Championships 2023: Junior Blitz Open"]
[Site "The Venue, De Montfort University, 20 Western Boulevard, Leicester, LE2 7BU"]
[Date "2023.07.27"]
[Round "7"]
[Board "21"]
[White "Wills, Jack"]
[Black "Schweitzer, Zubin"]
[Result "0-1"]
[WhiteElo "1655"]
[BlackElo "1495"]
[PlyCount "0"]
[EventDate "2023.07.27"]
[EventRounds "9"]
[EventCountry "ENG"]

1. d4 Nf6 2. Bf4 d6 3. Nf3 g6 4. e3 Bg7 5. h3 O-O 6. c4 c5 7. Nc3 Nbd7 8. Be2 Re8
9. Bh2 e5 10. d5 a6 11. e4 Rf8 12. O-O Ne8 13. Nd2 f5 14. f3 f4 15. Qc2 b6 16. Rab1
g5 17. b4 h5 18. a4 Qf6 19. Rf2 Qg6 20. Bf1 Ndf6 21. bxc5 bxc5 22. Nb3 g4 23. hxg4
hxg4 24. fxg4 Nxg4 25. Rf3 Nxh2 26. Kxh2 Nf6 27. Kg1 Rf7 28. Bd3 Bf8 29. Kf1 Rh7
30. Na5 Ng4 31. Qe2 Rh1#  0-1

[Event "British Chess Championships 2023: Junior Blitz Open"]
[Site "The Venue, De Montfort University, 20 Western Boulevard, Leicester, LE2 7BU"]
[Date "2023.07.27"]
[Round "7"]
[Board "22"]
[White "Kumar, Sachin"]
[Black "Buckland, Louis"]
[Result "0-1"]
[WhiteElo "1608"]
[BlackElo "1651"]
[PlyCount "0"]
[EventDate "2023.07.27"]
[EventRounds "9"]
[EventCountry "ENG"]

1. e4 c6 2. d4 d5 3. exd5 cxd5 4. Bd3 Nc6 5. c3 Nf6 6. Nf3 Bg4 7. Bf4 e6 8. Nbd2
Bd6 9. Bxd6 Qxd6 10. O-O O-O 11. Qc2 h6 12. Rfe1 Bxf3 13. Nxf3 a6 14. Ne5 b5 15.
a3 Rac8 16. Rac1 Na5 17. Qd1 Nc4 18. Bxc4 bxc4 19. Qd2 a5 20. f3 a4 21. Qf2 Rb8 22.
Rc2 Rb3 23. Ree2 Rfb8 24. Red2 R8b6 25. Qe2 Nd7 26. Nxd7 Qxd7 27. Qf2 Qc7 28. Qe2
Qb7 29. Kf2 Qb8 30. Kg1 Qf4 31. Qf2 g6 32. Qe2 Kg7 33. Qf2 h5 34. Qe2 h4 35. Qe5+
Qxe5 36. dxe5 g5 37. g3 hxg3 38. hxg3 Kg6 39. f4 gxf4 40. gxf4 Kf5 41. Rf2 f6 42.
exf6 Kxf6 43. Kg2 Kf5 44. Kg3 d4 45. Rfe2 d3 46. Re5+ Kf6 47. Rh2 Rxb2 48. Rh6+ Kg7
49. Rhxe6 Rxe6 50. Rxe6 Rb3 51. Re1 Rxc3 52. Ra1 d2+ 53. Kf2 Rc1 54. Ke2 Rxa1 55.
Kxd2 Rxa3 56. Kc2 Rf3 57. f5 Rxf5 58. Kc3 Rb5 59. Kc2 a3 60. Kd2 c3+ 61. Kd3 c2 62.
Ke4 c1=Q 63. Kd4 Qc6 64. Ke3 Qd6 65. Ke4 Re5+ 66. Kf4 Qf6+ 67. Kg4 Rg5+ 68. Kh4 Qh6#
 0-1

[Event "British Chess Championships 2023: Junior Blitz Open"]
[Site "The Venue, De Montfort University, 20 Western Boulevard, Leicester, LE2 7BU"]
[Date "2023.07.27"]
[Round "7"]
[Board "23"]
[White "Aleksandrov, Igor"]
[Black "Xu, Jiarui"]
[Result "0-1"]
[WhiteElo "1637"]
[BlackElo "1400"]
[PlyCount "0"]
[EventDate "2023.07.27"]
[EventRounds "9"]
[EventCountry "ENG"]

1. d4 d5 2. c4 e6 3. Nc3 Nf6 4. cxd5 exd5 5. Bg5 Be7 6. e3 O-O 7. Bd3 h6 8. Bh4 c6
9. h3 Be6 10. Nf3 Nbd7 11. O-O c5 12. a3 c4 13. Bc2 Nb6 14. Ne5 Nfd7 15. Bxe7 Qxe7
16. Nf3 a6 17. Rc1 Rac8 18. Bb1 g6 19. Qd2 Kg7 20. Ne1 Nf6 21. Nf3 Nfd7 22. Rfd1
Qf6 23. e4 Rfe8 24. e5 Qe7 25. Ne1 f6 26. f4 fxe5 27. fxe5 Rf8 28. Nf3 Bf5 29. Bxf5
Rxf5 30. Rf1 Rcf8 31. Nh2 Qe6 32. Ng4 g5 33. Ne3 Rxf1+ 34. Rxf1 Rxf1+ 35. Kxf1 Nf8
36. Qf2 Ng6 37. Qf3 Nf4  0-1

[Event "British Chess Championships 2023: Junior Blitz Open"]
[Site "The Venue, De Montfort University, 20 Western Boulevard, Leicester, LE2 7BU"]
[Date "2023.07.27"]
[Round "7"]
[Board "24"]
[White "Parikh, Naavya"]
[Black "Vaidyanathan, Sathya"]
[Result "1/2-1/2"]
[WhiteElo "1374"]
[BlackElo "1635"]
[PlyCount "0"]
[EventDate "2023.07.27"]
[EventRounds "9"]
[EventCountry "ENG"]

1. e4 e5 2. Nf3 Nc6 3. Bc4 Bc5 4. d3 h6 5. O-O d6 6. h3 Nf6 7. c3 O-O 8. Be3 Bxe3
9. fxe3 Be6 10. Bb3 a6 11. Nbd2 Bxb3 12. Qxb3 Rb8 13. d4 exd4 14. exd4 Re8 15. Rae1
Qd7 16. Qd1 Nh7 17. Nh2 Ng5 18. Qg4 Qxg4 19. Nxg4 f6 20. Nf2 Re7 21. Nd3 Rbe8 22.
Nf2 b5 23. h4 Nf7 24. Nd3  1/2-1/2

[Event "British Chess Championships 2023: Junior Blitz Open"]
[Site "The Venue, De Montfort University, 20 Western Boulevard, Leicester, LE2 7BU"]
[Date "2023.07.27"]
[Round "7"]
[Board "25"]
[White "Pai, Aditya"]
[Black "Wang, Yuan Ya"]
[Result "1-0"]
[WhiteElo "1338"]
[BlackElo "1130"]
[PlyCount "0"]
[EventDate "2023.07.27"]
[EventRounds "9"]
[EventCountry "ENG"]

1. e4 e5 2. Nf3 Nc6 3. Bb5 d6 4. d4 exd4 5. Nxd4 Bd7 6. Nxc6 Bxc6 7. Bxc6+ bxc6 8.
Bf4 Nf6 9. Nc3 g6 10. Qd2 Bg7 11. O-O O-O 12. h3 d5 13. exd5 cxd5 14. Bh6 Rb8 15.
Bxg7 Kxg7 16. b3 c5 17. Rad1 d4 18. Na4 Rb5 19. Qd3 Qd7 20. Qc4 Qc6 21. Rfe1 Nd7
22. Nb2 Nb6 23. Qd3 Nd5 24. Na4 Nb6 25. Nxb6 axb6 26. a4 Ra5 27. Qe4 Qxe4 28. Rxe4
b5 29. axb5 Rxb5 30. Re5 Rc8 31. Kf1 Kf6 32. Re2 c4 33. Rxd4 cxb3 34. cxb3 Rxb3 35.
Re1 h5 36. Red1 Kg5 37. h4+ Kh6 38. g3 Rb2 39. Rd7 Rcc2 40. Rxf7 Ra2 41. Rdd7 Ra1+
42. Kg2 g5 43. Rd6#  1-0

[Event "British Chess Championships 2023: Junior Blitz Open"]
[Site "The Venue, De Montfort University, 20 Western Boulevard, Leicester, LE2 7BU"]
[Date "2023.07.27"]
[Round "7"]
[Board "26"]
[White "Kumar, Arnav"]
[Black "Sewart, Daniel"]
[Result "0-1"]
[WhiteElo "1526"]
[BlackElo "1374"]
[PlyCount "74"]
[EventDate "2023.07.27"]
[EventRounds "9"]
[EventCountry "ENG"]

1. e4 c5 2. Nf3 d6 3. d4 cxd4 4. Nxd4 Nf6 5. Nc3 g6 6. Be3 Bg7 7. Qd2 Ng4 8. O-O-O
Nxe3 9. Qxe3 O-O 10. f3 Nc6 11. Nxc6 bxc6 12. h4 h5 13. Be2 Kh7 14. g4 e5 15. gxh5
Bh6 16. hxg6+ fxg6 17. Qxh6+ Kxh6 18. Rdg1 Kg7 19. h5 Rf6 20. h6+ Kh7 21. Nd1 g5
22. Ne3 Rxh6 23. Rxh6+ Kxh6 24. Ng4+ Kg6 25. Ne3 Qb6 26. Nc4 Qxg1+ 27. Kd2 d5 28.
Nxe5+ Kf6 29. Ng4+ Ke6 30. exd5+ cxd5 31. Ne3 d4 32. Bc4+ Ke7 33. Nd5+ Kd6 34. Bb3
Be6 35. Nb4 Qe3+ 36. Kd1 Rh8 37. Bxe6 Rh1#  0-1

[Event "British Chess Championships 2023: Junior Blitz Open"]
[Site "The Venue, De Montfort University, 20 Western Boulevard, Leicester, LE2 7BU"]
[Date "2023.07.27"]
[Round "8"]
[Board "1"]
[White "Banerjee, Supratit"]
[Black "Badacsonyi, Stanley"]
[Result "0-1"]
[WhiteElo "1918"]
[BlackElo "2231"]
[PlyCount "0"]
[EventDate "2023.07.27"]
[EventRounds "9"]
[EventCountry "ENG"]

1. e4 e6 2. d4 d5 3. exd5 exd5 4. Nf3 Nc6 5. Bd3 Bg4 6. c3 Bd6 7. a4 a5 8. Be3 Nge7
9. Nbd2 Qd7 10. Qc2 Nf5 11. O-O-O Nxe3 12. fxe3 O-O-O 13. e4 dxe4 14. Nxe4 Bf4+ 15.
Kb1 b6 16. d5 Ne7 17. Bb5 Qf5 18. d6 Bxd6 19. Nxd6+ Rxd6 20. Rxd6 Qxc2+ 21. Kxc2
cxd6 22. Nd4 Bd7 23. c4 Bxb5 24. Nxb5 d5 25. Re1 Kd7 26. cxd5 Nxd5 27. Rd1 Kc6 28.
Nd4+ Kb7 29. Kb3 Rd8 30. Nb5 Rd7 31. Re1 Nf4 32. g3 Ne6 33. Ka3 Nc5 34. b3 f5 35.
Re5 g6 36. Re8 Rd3 37. Re7+ Kc6 38. Ka2 Rd2+ 39. Ka3 Rxh2 40. Rc7+ Kd5 41. Nc3+ Ke5
42. Rc6 Rh3 43. Ne2 Nd7 44. Rc7 Kd6 45. Rc4 Rh2 46. Nd4 Nc5 47. Nb5+ Ke5 48. Rc3
Rd2 49. Re3+ Kf6 50. Re1 Rd3 51. g4 Rxb3+ 52. Ka2 Rb4 53. Nc3 Nxa4 54. Nd5+ Kg5 55.
Nxb4 axb4 56. gxf5 gxf5 57. Rg1+ Kf6 58. Kb3 Nc5+ 59. Kxb4 Ne4 60. Kb5 h5 61. Kxb6
h4 62. Kb5 Ng3 63. Kc4 Kg5 64. Kd3 Kg4 65. Ke3 h3 66. Kf2 f4 67. Rc1 h2 68. Kg2 h1=Q+
69. Rxh1 Nxh1 70. Kxh1 Kf3 71. Kg1 Ke2 72. Kg2 f3 73. Kg3 f2 74. Kg4 f1=Q 75. Kg5
Ke3 76. Kg6 Qf4 77. Kg7 Ke4 78. Kg6 Ke5 79. Kg7 Ke6 80. Kg6 Qg4 81. Kh7 Kf7 82. Kh6
Qh4+  0-1

[Event "British Chess Championships 2023: Junior Blitz Open"]
[Site "The Venue, De Montfort University, 20 Western Boulevard, Leicester, LE2 7BU"]
[Date "2023.07.27"]
[Round "8"]
[Board "2"]
[White "Zhao, George"]
[Black "Dayal, Samar"]
[Result "0-1"]
[WhiteElo "1720"]
[BlackElo "1400"]
[PlyCount "0"]
[EventDate "2023.07.27"]
[EventRounds "9"]
[EventCountry "ENG"]

1. d4 Nf6 2. Nf3 g6 3. g3 Bg7 4. Bg2 O-O 5. O-O d6 6. c4 Nbd7 7. Nc3 e5 8. e4 Ne8
9. h3 f5 10. Bg5 Nef6 11. exf5 gxf5 12. dxe5 dxe5 13. Nd5 c6 14. Nxf6+ Bxf6 15. Bxf6
Qxf6 16. Re1 e4 17. Nd4 Ne5 18. Qc2 Nd3 19. Nb3 Nxe1 20. Rxe1 Be6 21. Nc5 b6 22.
Nb3 Rad8 23. Nc1 Rd4 24. b3 Rfd8 25. Qc3 Qg7 26. Qe3 Rd2 27. Ne2 c5 28. Nf4 Bf7 29.
a4 Qd4 30. Nd5 Qxe3 31. Nxe3 Be6 32. Nf1 Rb2 33. g4 Rxb3 34. gxf5 Bxf5 35. Ng3 Bg6
36. h4 h6 37. h5 Bh7 38. Bxe4 Bxe4 39. Nxe4 Rb4 40. Nf6+ Kf7 41. Nd5 Rxc4 42. Re7+
Kf8 43. Re5 Rg4+ 44. Kf1 Rg5 45. Rxg5 hxg5 46. Nc7 Rd6 47. Nb5 Rh6 48. Nxa7 Rxh5
49. Nb5 Ke7 50. Nc3 Kd6 51. Ke2 Ke5 52. Kd3 Rh3+ 53. Kc4 Rf3 54. Nd1 Kd6 55. Kb5
Rb3+ 56. Ka6 Rb4 57. a5 bxa5 58. Kxa5 Rd4 59. Ne3 Ke5 60. Kb5 Re4 61. Nf1 Rf4 62.
Kxc5 Rxf2 63. Ne3 Kf4 64. Nd5+ Kf3 65. Nf6 g4 66. Kd5 g3 67. Ne4 g2 68. Nxf2 Kxf2
69. Kd6  0-1

[Event "British Chess Championships 2023: Junior Blitz Open"]
[Site "The Venue, De Montfort University, 20 Western Boulevard, Leicester, LE2 7BU"]
[Date "2023.07.27"]
[Round "8"]
[Board "3"]
[White "Babu, Rahul"]
[Black "Han, Yichen"]
[Result "1/2-1/2"]
[WhiteElo "1863"]
[BlackElo "2355"]
[PlyCount "0"]
[EventDate "2023.07.27"]
[EventRounds "9"]
[EventCountry "ENG"]

1. g4 d5 2. h3 h5 3. g5 e5 4. Bg2 Be6 5. d3 Nc6 6. Nf3 Nge7 7. Nc3 Qd7 8. e4 O-O-O
9. exd5 Nxd5 10. Ne4 f5 11. gxf6 gxf6 12. Qe2 Rg8 13. Rg1 Bb4+ 14. c3 Be7 15. h4
Bg4 16. Bd2 f5 17. Neg5 Bxg5 18. Bxg5 e4 19. dxe4 fxe4 20. Bxd8 exf3 21. Bxf3 Re8
22. Bxg4 Rxe2+ 23. Bxe2 Nxd8 24. O-O-O Qe6 25. Bxh5 Qh6+ 26. Rg5 Nf6 27. Be2 Ne6
28. f4 Nxg5 29. fxg5 Qxh4 30. gxf6 Qf4+ 31. Kb1 Qxf6 32. Bg4+ Kb8 33. a3 a5 34. Be2
Ka7 35. Bd3 Kb6 36. Bc2 Kc5 37. Rd4 Qf1+ 38. Ka2 c6 39. Bb1 Qf7+ 40. Ka1 b5 41. b4+
Kb6 42. Kb2 Qf2+ 43. Bc2 Qe3 44. Rd3 Qe5 45. Rd4 Qf6 46. Rd3 c5 47. bxc5+ Kxc5 48.
Rd4 Qe5 49. Bb3 Qe2+ 50. Bc2 Qf2 51. Kb1 Qg3 52. Kb2 Qg7 53. Bb3 Qh6 54. Bc2 Qf6
55. Bb3 Qf2+ 56. Bc2 Qe3 57. Bb3 Qf2+ 58. Bc2 Qh2 59. Kb1 Kb6 60. Kb2 Qh8 61. Rd6+
Kc5 62. Rd4 Qg7 63. Bb3 Qf6 64. Bc2 Qf2 65. Kb1 Qe1+ 66. Kb2 Qe2 67. Kb1 Qf2 68.
Kb2 Qe3 69. Bb3 b4 70. axb4+ axb4 71. Rxb4 Qd2+ 72. Bc2 Qe2 73. Rd4 Qh2 74. Kb3 Kb5
75. Bd3+ Ka5 76. c4 Kb6 77. Rd5 Qg3 78. Kc3 Qe1+ 79. Kc2 Kc6 80. Kb3 Qc1 81. Bc2
Qe3+ 82. Bd3 Qb6+ 83. Rb5 Qa7 84. Be4+ Kd6 85. Rd5+ Ke6 86. Kc3 Qa3+ 87. Kd4 Qb2+
88. Kd3 Qf2 89. Kc3 Qe1+ 90. Kd4 Qd2+ 91. Bd3 Qb2+ 92. Ke3 Qc3 93. Rh5 Qe1+ 94. Kd4
Qf2+ 95. Kc3 Qe1+ 96. Kc2 Kd6 97. Rd5+ Kc7 98. Kb3 Qd1+ 99. Kc3 Qa1+ 100. Kd2 Qb2+
101. Ke3 Kc6 102. Ke4 Qg2+ 103. Ke3 Qg3+ 104. Kd2 Qf2+ 105. Kc3 Qe1+ 106. Kc2 Qa1
107. Kd2 Kb6 108. Rb5+ Kc7 109. Rd5 Kc6 110. Ke3 Qc3 111. Ke2 Qc1 112. Kf3 Qd2 113.
Ke4 Qf2 114. Rb5 Qg3 115. Kd4 Qg7+ 116. Ke3 Qc3 117. Rd5 Qc1+ 118. Kd4 Qd2 119. Ke4
Qf2 120. Rb5 Kd6 121. Rd5+ Ke6 122. Rb5 Qg3 123. Kd4 Qg7+ 124. Ke3 Qc3 125. Rd5 Qa3
126. Ke2 Qb2+ 127. Ke3 Qh2 128. Ke4 Qg3 129. Kd4 Qg7+ 130. Ke3 Qg4 131. Kd2 Qf4+
132. Kc2 Qf2+ 133. Kc3 Qe1+ 134. Kc2 Qb4 135. Kd1 Qb2 136. Rb5 Qa2 137. Rd5 Qf2 138.
Rb5 Kd6 139. Rd5+ Kc6 140. Rb5 Qe3 141. Kc2 Qf2+  1/2-1/2

[Event "British Chess Championships 2023: Junior Blitz Open"]
[Site "The Venue, De Montfort University, 20 Western Boulevard, Leicester, LE2 7BU"]
[Date "2023.07.27"]
[Round "8"]
[Board "4"]
[White "Kothari, Jai"]
[Black "Pert, Max P"]
[Result "1/2-1/2"]
[WhiteElo "1951"]
[BlackElo "1614"]
[PlyCount "0"]
[EventDate "2023.07.27"]
[EventRounds "9"]
[EventCountry "ENG"]

1. e4 c6 2. d4 d5 3. exd5 cxd5 4. Bd3 Nc6 5. c3 Qc7 6. Ne2 Bg4 7. O-O e6 8. Qe1 Bd6
9. f3 Bf5 10. Bxf5 exf5 11. Nf4+ Kf8 12. Nxd5 Bxh2+ 13. Kh1 Qd6 14. Ne3 Bg3 15. Nxf5
Bxe1 16. Nxd6 Bg3 17. Ne4 Bc7 18. Be3 h6 19. Nbd2 f5 20. Nc5 Kf7 21. Bf2 Nf6 22.
Rae1 Rhe8 23. b4 b6 24. Nd3 Nd5 25. Nb1 Rac8 26. a3 Kf6 27. c4 Nf4 28. Nxf4 Bxf4
29. c5 bxc5 30. dxc5 Ne5 31. Rd1 Nc4 32. Rd4 Ne3 33. Bxe3 Bxe3 34. Rd6+ Kg5 35. Rd7
a5 36. Rfd1 g6 37. Rb7 Rb8 38. Rxb8 Rxb8 39. Nc3 axb4 40. axb4 Rxb4 41. Nd5 Rb3 42.
c6 Bb6 43. c7 Bxc7 44. Nxc7 Kf4 45. Kh2 Rb2 46. Rd6 Kg5 47. Ne6+ Kf6 48. Nc5+ Kg5
49. Nd3 Rd2 50. Rd7 h5 51. Ne5 Rxd7 52. Nxd7 f4 53. Kh3 Kh6 54. Ne5 g5 55. g3 fxg3
56. Kxg3 Kg7 57. Nd3 Kf6 58. Nf2 Kf5 59. Nd3 g4 60. f4 Ke4 61. Nf2+ Kf5 62. Nd3 Ke4
63. Kh4 Kf5 64. Kg3 Ke4  1/2-1/2

[Event "British Chess Championships 2023: Junior Blitz Open"]
[Site "The Venue, De Montfort University, 20 Western Boulevard, Leicester, LE2 7BU"]
[Date "2023.07.27"]
[Round "8"]
[Board "5"]
[White "Pert, Nina P"]
[Black "Lebedev, Lion"]
[Result "1-0"]
[WhiteElo "1735"]
[BlackElo "1865"]
[PlyCount "0"]
[EventDate "2023.07.27"]
[EventRounds "9"]
[EventCountry "ENG"]

1. e4 e5 2. Nf3 Nc6 3. Bc4 Bc5 4. c3 Nf6 5. d4 exd4 6. cxd4 Bb4+ 7. Nbd2 Nxe4 8.
d5 Ne7 9. O-O Nxd2 10. Bxd2 Bxd2 11. d6 Bb4 12. Ng5 Rf8 13. Qh5 Ng6 14. Rfe1+ Qe7
15. dxe7 Bxe7 16. Nxh7 Rh8 17. Rxe7+ Nxe7 18. Qxf7+ Kd8 19. Re1 Re8 20. Ng5 d6 21.
Qxg7 Bd7 22. Bf7 Nf5 23. Qf6+ Re7 24. Rxe7 Nxe7 25. Qh8+ Ng8 26. Qxg8+ Ke7 27. Qxa8
Kf6 28. Qg8 d5 29. Qg6+ Ke5 30. Nf3+ Kf4 31. Qd3 Bf5 32. g3+ Kg4 33. h3+ Kxh3 34.
Qxf5#  1-0